[Event "Hamburg HSK Christmas op"]
[Site "Hamburg"]
[Date "2022.12.28"]
[Round "4"]
[White "Schroeder, Christoph"]
[Black "Trisic, Aleksandar"]
[Result "0-1"]
[WhiteElo "2114"]
[BlackElo "2286"]
[PlyCount "66"]
[EventDate "2022.12.27"]
[EventType "swiss"]
[EventRounds "7"]
[EventCountry "GER"]
[SourceTitle "EXT 2024"]
[Source "ChessBase"]
[SourceDate "2023.10.10"]
[SourceVersion "1"]
[SourceVersionDate "2023.10.10"]
[SourceQuality "1"]

1. e4 c5 2. Nf3 d6 3. d4 cxd4 4. Nxd4 Nf6 5. Nc3 a6 6. Bg5 e6 7. Qe2 Qa5 8. Bxf6 gxf6 9. Nb3 Qc7 10. Qh5 b5 11. Bd3 Nd7 12. a4 b4 13. Na2 Bb7 14. Qa5 Qb8 15. Nxb4 Rg8 16. Na2 d5 17. 0-0-0 dxe4 18. Bf1 Rg5 19. Qc3 Qf4+ 20. Qd2 Qc7 21. Qc3 Rc8 22. Qxc7 Rxc7 23. Nc3 Rf5 24. Rd4 Rxf2 25. Kd1 e3 26. Rh4 f5 27. Rxh7 Ne5 28. Be2 Bxg2 29. Rg1 f4 30. Bxa6 Nf3 31. Rxg2 Rxg2 32. Bb5+ Ke7 33. Ne2 Ng5 0-1

[Event "BL2-Nord 2122"]
[Site "Germany"]
[Date "2022.05.15"]
[Round "6.6"]
[White "Trisic, Aleksandar"]
[Black "Ewert, Hannes"]
[Result "0-1"]
[WhiteElo "2345"]
[BlackElo "2273"]
[PlyCount "131"]
[EventDate "2022.03.05"]
[EventType "team-tourn"]
[EventRounds "10"]
[EventCountry "GER"]
[SourceTitle "EXT 2023"]
[Source "ChessBase"]
[SourceDate "2022.10.05"]
[SourceVersion "1"]
[SourceVersionDate "2022.10.05"]
[SourceQuality "1"]
[WhiteTeam "St Pauli"]
[BlackTeam "Werder Bremen II"]
[WhiteTeamCountry "GER"]
[BlackTeamCountry "GER"]

1. d4 Nf6 2. c4 e6 3. Nf3 b6 4. a3 Bb7 5. Nc3 d5 6. cxd5 Nxd5 7. e3 Be7 8. Bb5+ c6 9. Ba4 0-0 10. e4 Nxc3 11. bxc3 c5 12. Bc2 Ba6 13. h4 Nc6 14. e5 cxd4 15. cxd4 Rc8 16. Be3 Na5 17. Ng5 h6 18. Bh7+ Kh8 19. Bd3 Nc4 20. Qb1 Nxe3 21. fxe3 Bxd3 22. Qxd3 Bxg5 23. hxg5 Qxg5 24. 0-0 Rc7 25. Rf3 Rfc8 26. Raf1 Kg8 27. Qe4 Rd8 28. Rf4 h5 29. Kh2 Rdd7 30. R1f3 Rc1 31. Rh3 Rdc7 32. Qa8+ Kh7 33. Qf3 Kg8 34. Rxh5 Qg6 35. Qh3 Kf8 36. Rh8+ Ke7 37. Qh4+ Kd7 38. Qf2 Ke7 39. Qh4+ Kd7 40. Qd8+ Kc6 41. a4 Kb7 42. Qa8+ Ka6 43. Qf3 Qb1 44. Kg3 Qg6+ 45. Rg4 Qd3 46. Qe4 Qd2 47. Kh2 Qd1 48. Rb8 Qg1+ 49. Kg3 R1c3 50. Kf4 f5 51. exf6 gxf6 52. Rg3 Qf2+ 53. Qf3 e5+ 54. Kf5 Qc2+ 55. Qe4 Qxa4 56. Rd8 Qd1 57. Qf3 Qb1+ 58. Qe4 Qxe4+ 59. Kxe4 exd4 60. Rxd4 b5 61. Rf3 R7c6 62. g4 Kb6 63. Kf5 a5 64. Kg6 a4 65. Rdf4 a3 66. Rxf6 0-1

[Event "Hamburg-chT Landesliga 2122"]
[Site "Hamburg"]
[Date "2021.10.31"]
[Round "1.1"]
[White "Trisic, Aleksandar"]
[Black "Kahlert, Thomas"]
[Result "1-0"]
[WhiteElo "2332"]
[BlackElo "2148"]
[PlyCount "45"]
[EventDate "2021.10.31"]
[EventType "team-tourn"]
[EventRounds "9"]
[EventCountry "GER"]
[SourceTitle "EXT 2023"]
[Source "ChessBase"]
[SourceDate "2022.10.05"]
[SourceVersion "1"]
[SourceVersionDate "2022.10.05"]
[SourceQuality "1"]
[WhiteTeam "St Pauli II"]
[BlackTeam "St Pauli III"]
[WhiteTeamCountry "GER"]
[BlackTeamCountry "GER"]

1. d4 Nf6 2. c4 g6 3. h4 c5 4. d5 e5 5. Nc3 d6 6. e4 Bg7 7. Be2 h5 8. Bg5 Qa5 9. Qd2 Bd7 10. a4 Na6 11. Nh3 Nb4 12. 0-0 a6 13. f4 Ng4 14. f5 gxf5 15. exf5 f6 16. Ne4 Ke7 17. Bxg4 hxg4 18. Bxf6+ Bxf6 19. Nxf6 gxh3 20. Qg5 Be8 21. Ne4+ Kf8 22. Qf6+ Kg8 23. Ra3 1-0

[Event "Oberliga Nord N 1819"]
[Site "Germany"]
[Date "2019.02.24"]
[Round "7.1"]
[White "Trisic, Aleksandar"]
[Black "Berg, Klaus"]
[Result "1-0"]
[WhiteElo "2322"]
[BlackElo "2301"]
[PlyCount "85"]
[EventDate "2018.10.21"]
[EventType "team-tourn"]
[EventRounds "9"]
[EventCountry "GER"]
[SourceTitle "EXT 2020"]
[Source "ChessBase"]
[SourceDate "2019.10.17"]
[SourceVersion "1"]
[SourceVersionDate "2019.10.17"]
[SourceQuality "1"]
[WhiteTeam "St Pauli II"]
[BlackTeam "Kiel Turm II"]
[WhiteTeamCountry "GER"]
[BlackTeamCountry "GER"]

1. d4 Nf6 2. Nf3 e6 3. c4 c5 4. e3 d5 5. Nc3 cxd4 6. exd4 Be7 7. Bd3 dxc4 8. Bxc4 0-0 9. 0-0 a6 10. Bg5 b5 11. Bb3 Bb7 12. Qd3 Nc6 13. Rad1 Na5 14. Bc2 g6 15. Rfe1 Nc4 16. Bc1 Rc8 17. Bb3 Na5 18. Bh6 Re8 19. Ne5 Nxb3 20. axb3 Qd6 21. Qh3 b4 22. Na4 Red8 23. Nc4 Qc6 24. Ne5 Qe8 25. Nc5 Bxc5 26. dxc5 Rxd1 27. Rxd1 Rxc5 28. Qh4 Rd5 29. Re1 Qd8 30. h3 Rd4 31. Qg5 Ne4 32. Qc1 Nd2 33. Qc5 Nxb3 34. Qa7 Qa8 35. Qb6 Bxg2 36. f3 Bxh3 37. Nc6 Rd3 38. Qxb4 Nd2 39. Rc1 Nxf3+ 40. Kf2 Ne5 41. Ne7+ Kh8 42. Rc8+ Qxc8 43. Nxc8 1-0

[Event "Oberliga Nord N 1819"]
[Site "Germany"]
[Date "2018.11.11"]
[Round "2.1"]
[White "Trisic, Aleksandar"]
[Black "Sawatzki, Frank"]
[Result "0-1"]
[WhiteElo "2322"]
[BlackElo "2386"]
[PlyCount "90"]
[EventDate "2018.10.21"]
[EventType "team-tourn"]
[EventRounds "9"]
[EventCountry "GER"]
[SourceTitle "EXT 2020"]
[Source "ChessBase"]
[SourceDate "2019.10.17"]
[SourceVersion "1"]
[SourceVersionDate "2019.10.17"]
[SourceQuality "1"]
[WhiteTeam "St Pauli II"]
[BlackTeam "Hamburg Schachfreunde"]
[WhiteTeamCountry "GER"]
[BlackTeamCountry "GER"]

1. d4 d5 2. Nf3 Nf6 3. c4 c6 4. e3 Bf5 5. Nc3 a6 6. Qb3 Ra7 7. Nh4 Bc8 8. f4 e6 9. Nf3 dxc4 10. Bxc4 b5 11. Be2 c5 12. 0-0 Nc6 13. Rd1 Bd7 14. Ne5 cxd4 15. exd4 Na5 16. Qc2 Rc7 17. a3 Bd6 18. Rd3 0-0 19. Rh3 g6 20. Bd3 Qe7 21. Bd2 Rfc8 22. Re1 Qf8 23. Qd1 Nc4 24. Bxc4 bxc4 25. g4 Nd5 26. Qf3 Ne7 27. Ne4 Nd5 28. Ng5 Nf6 29. Ngxf7 Bc6 30. Nxc6 Qxf7 31. Ne5 Bxe5 32. Rxe5 Rd7 33. Bc3 Rd5 34. Re1 h5 35. g5 Ne8 36. Qe2 Ng7 37. Qe4 Rf8 38. Bd2 e5 39. Be3 exf4 40. Bxf4 Rf5 41. Bg3 Rf1+ 42. Kg2 Rxe1 43. Qxe1 Qd5+ 44. Kg1 Qxg5 45. Rh4 Nf5 0-1

[Event "Hamburg-chT Landesliga 1718"]
[Site "Hamburg"]
[Date "2018.04.21"]
[Round "8.1"]
[White "Stelting, Thorsten"]
[Black "Trisic, Aleksandar"]
[Result "1-0"]
[WhiteElo "2181"]
[BlackElo "2346"]
[PlyCount "51"]
[EventDate "2017.10.08"]
[EventType "team-tourn"]
[EventRounds "9"]
[EventCountry "GER"]
[SourceTitle "EXT 2021"]
[Source "ChessBase"]
[SourceDate "2020.10.23"]
[SourceVersion "1"]
[SourceVersionDate "2020.10.23"]
[SourceQuality "1"]
[WhiteTeam "Eimsbuettel Union"]
[BlackTeam "Hamburg Weisse Dame"]
[WhiteTeamCountry "GER"]
[BlackTeamCountry "GER"]

1. g3 Nf6 2. Bg2 e5 3. Nf3 e4 4. Nd4 c5 5. Nb3 c4 6. Nd4 Bc5 7. c3 Nc6 8. 0-0 Ne5 9. b3 d5 10. Ba3 b6 11. bxc4 dxc4 12. d3 cxd3 13. exd3 Bg4 14. Qa4+ Bd7 15. Qb3 Nxd3 16. Nd2 Qe7 17. Nxe4 Nxe4 18. Rfe1 0-0 19. Rxe4 Qd6 20. Rd1 Nxf2 21. Bxc5 bxc5 22. Kxf2 cxd4 23. Rexd4 Qc5 24. Bxa8 Be6 25. Bd5 Bg4 26. Qb4 1-0

[Event "Hamburg CC Easter op 4th"]
[Site "Hamburg"]
[Date "2018.04.01"]
[Round "6"]
[White "Guenther, Patrick"]
[Black "Trisic, Aleksandar"]
[Result "0-1"]
[WhiteElo "2072"]
[BlackElo "2346"]
[PlyCount "52"]
[EventDate "2018.03.30"]
[EventType "swiss"]
[EventRounds "7"]
[EventCountry "GER"]
[SourceTitle "CBM 183 Extra"]
[Source "ChessBase"]
[SourceDate "2018.04.19"]
[SourceVersion "1"]
[SourceVersionDate "2018.04.19"]
[SourceQuality "1"]

1. d4 Nf6 2. c4 g6 3. Nc3 Bg7 4. e4 d6 5. Nf3 0-0 6. h3 e5 7. d5 Nh5 8. g3 a5 9. Be2 Na6 10. Nh4 Nf4 11. Bf1 Nc5 12. Be3 f5 13. Qc2 Nxe4 14. Nxe4 fxe4 15. 0-0-0 Nd3+ 16. Bxd3 exd3 17. Qxd3 g5 18. Ng2 Bf5 19. Qd2 Be4 20. Rhg1 Qd7 21. Ne1 Rac8 22. Nd3 c6 23. Kb1 cxd5 24. cxd5 Qb5 25. Ka1 Rc4 26. Rc1 Bxd3 0-1

[Event "Hamburg CC Easter op 4th"]
[Site "Hamburg"]
[Date "2018.04.01"]
[Round "5"]
[White "Trisic, Aleksandar"]
[Black "Malkiel, Daniel E"]
[Result "1/2-1/2"]
[WhiteElo "2346"]
[BlackElo "2138"]
[PlyCount "76"]
[EventDate "2018.03.30"]
[EventType "swiss"]
[EventRounds "7"]
[EventCountry "GER"]
[SourceTitle "CBM 183 Extra"]
[Source "ChessBase"]
[SourceDate "2018.04.19"]
[SourceVersion "1"]
[SourceVersionDate "2018.04.19"]
[SourceQuality "1"]

1. d4 e6 2. c4 Nf6 3. Nc3 Bb4 4. a3 Bxc3+ 5. bxc3 c5 6. e3 b6 7. Bd3 Bb7 8. Ne2 Bxg2 9. Rg1 Be4 10. Nf4 g6 11. f3 Bxd3 12. Qxd3 Nc6 13. e4 Qc7 14. e5 Ng8 15. Rg2 0-0-0 16. Qe4 Nge7 17. Be3 Nf5 18. Rd2 d5 19. cxd5 exd5 20. Qd3 c4 21. Qe2 Na5 22. Rb2 Nb3 23. Rab1 Rhe8 24. Nh3 f6 25. f4 Qe7 26. Nf2 Qxa3 27. Ng4 fxe5 28. fxe5 Qe7 29. Bf2 Qb7 30. Nf6 Rf8 31. Qg4 Kb8 32. h4 Qe7 33. Re2 Ng7 34. Nxh7 Rh8 35. Nf6 Nh5 36. Be3 Nxf6 37. exf6 Qd7 38. Bf4+ Kc8 1/2-1/2

[Event "Blankenese op 1st"]
[Site "Hamburg"]
[Date "2017.10.03"]
[Round "3.6"]
[White "Trisic, Aleksandar"]
[Black "Kluth, Carsten"]
[Result "1-0"]
[WhiteElo "2283"]
[BlackElo "2060"]
[PlyCount "71"]
[EventDate "2017.09.30"]
[EventType "swiss"]
[EventRounds "7"]
[EventCountry "GER"]
[SourceTitle "EXT 2020"]
[Source "ChessBase"]
[SourceDate "2019.10.17"]
[SourceVersion "1"]
[SourceVersionDate "2019.10.17"]
[SourceQuality "1"]

1. d4 d5 2. c4 c6 3. Nf3 Nf6 4. e3 g6 5. Bd3 Bg7 6. 0-0 0-0 7. Nc3 Nbd7 8. Bd2 dxc4 9. Bxc4 c5 10. Bb3 b6 11. Qe2 Bb7 12. d5 Qc7 13. h3 a6 14. a4 Rad8 15. e4 Nh5 16. Bg5 Ne5 17. Nd2 h6 18. Be3 Kh7 19. g4 Nf6 20. f4 Ned7 21. e5 Ng8 22. Bc4 Nb8 23. Nf3 Qd7 24. Kh2 Qc7 25. Qc2 Kh8 26. Rae1 a5 27. Qe2 Qc8 28. Bc1 Na6 29. Rd1 Nb4 30. e6 fxe6 31. Nh4 Kh7 32. Nxg6 exd5 33. Bd3 Bxc3 34. Nxe7+ Kg7 35. Nxc8 Rde8 36. Qf3 1-0

[Event "Blankenese op 1st"]
[Site "Hamburg"]
[Date "2017.10.03"]
[Round "1.7"]
[White "Trisic, Aleksandar"]
[Black "Wunderlich, Fabian"]
[Result "1-0"]
[WhiteElo "2283"]
[BlackElo "1808"]
[PlyCount "53"]
[EventDate "2017.09.30"]
[EventType "swiss"]
[EventRounds "7"]
[EventCountry "GER"]
[SourceTitle "EXT 2020"]
[Source "ChessBase"]
[SourceDate "2019.10.17"]
[SourceVersion "1"]
[SourceVersionDate "2019.10.17"]
[SourceQuality "1"]

1. d4 Nf6 2. Nf3 e6 3. c4 d5 4. Nc3 Bb4 5. a3 Bxc3+ 6. bxc3 Nbd7 7. e3 Ne4 8. Qb3 c6 9. Bd3 Qa5 10. Bxe4 dxe4 11. Nd2 Qg5 12. 0-0 f5 13. c5 0-0 14. Qxe6+ Kh8 15. Qd6 Rf6 16. Qe7 h5 17. Nc4 Nf8 18. Ne5 Be6 19. f4 Qh6 20. Qxb7 Rc8 21. c4 Rd8 22. Qe7 Rd7 23. Nxd7 Bxd7 24. d5 h4 25. Bb2 Rg6 26. Qxf8+ Kh7 27. Rf2 1-0

[Event "Hamburg-chT Landesliga 1617"]
[Site "Hamburg"]
[Date "2017.05.13"]
[Round "8.1"]
[White "Rogozenco, Teodora Nana"]
[Black "Trisic, Aleksandar"]
[Result "0-1"]
[WhiteElo "2101"]
[BlackElo "2294"]
[PlyCount "78"]
[EventDate "2016.10.16"]
[EventType "team-tourn"]
[EventRounds "9"]
[EventCountry "GER"]
[SourceTitle "EXT 2022"]
[Source "ChessBase"]
[SourceDate "2021.10.06"]
[SourceVersion "1"]
[SourceVersionDate "2021.10.06"]
[SourceQuality "1"]
[WhiteTeam "Hamburger SK IV"]
[BlackTeam "Hamburg Weisse Dame"]
[WhiteTeamCountry "GER"]
[BlackTeamCountry "GER"]

1. d4 Nf6 2. c4 g6 3. g3 Bg7 4. Bg2 0-0 5. Nf3 d6 6. 0-0 Nc6 7. Nc3 a6 8. Qd3 e5 9. dxe5 dxe5 10. Qxd8 Rxd8 11. Bg5 Be6 12. Nd2 h6 13. Bxf6 Bxf6 14. Nde4 Be7 15. Nd5 Bxd5 16. cxd5 Nb4 17. Nc3 Rd7 18. Rac1 a5 19. a3 Na6 20. d6 cxd6 21. Nd5 Rf8 22. Rfd1 Bd8 23. Bh3 f5 24. e4 Rdf7 25. Ne3 Bc7 26. Bf1 f4 27. gxf4 exf4 28. Nd5 Bb8 29. Bh3 Kh7 30. Be6 Rg7 31. Nb6 Re8 32. Nd7 Rd8 33. Nf6+ Kh8 34. Bh3 Re7 35. Rd5 Kg7 36. Ng4 h5 37. f3 hxg4 38. Bxg4 Re5 39. Rcd1 Bc7 0-1

[Event "Hamburg CC Easter op 3rd"]
[Site "Hamburg"]
[Date "2017.04.15"]
[Round "4"]
[White "Reddmann, Hauke"]
[Black "Trisic, Aleksandar"]
[Result "0-1"]
[WhiteElo "2226"]
[BlackElo "2294"]
[PlyCount "30"]
[EventDate "2017.04.14"]
[EventType "swiss"]
[EventRounds "7"]
[EventCountry "GER"]
[SourceTitle "CBM 177 Extra"]
[Source "ChessBase"]
[SourceDate "2017.04.27"]
[SourceVersion "1"]
[SourceVersionDate "2017.04.27"]
[SourceQuality "1"]

1. d4 Nf6 2. Bg5 g6 3. Bxf6 exf6 4. c4 c5 5. dxc5 Bxc5 6. e3 0-0 7. Nc3 Re8 8. g3 Nc6 9. Bg2 Ne5 10. Nge2 Nxc4 11. Qd5 Nxb2 12. Rb1 Re5 13. Rxb2 Rxd5 14. Nxd5 Rb8 15. 0-0 d6 0-1

[Event "Hamburg-chT Landesliga 1516"]
[Site "Hamburg"]
[Date "2016.04.23"]
[Round "8.1"]
[White "Trisic, Aleksandar"]
[Black "Kluth, Carsten"]
[Result "1-0"]
[WhiteElo "2269"]
[BlackElo "2024"]
[PlyCount "55"]
[EventDate "2015.09.20"]
[EventType "team-tourn"]
[EventRounds "9"]
[EventCountry "GER"]
[SourceTitle "EXT 2022"]
[Source "ChessBase"]
[SourceDate "2021.10.06"]
[SourceVersion "1"]
[SourceVersionDate "2021.10.06"]
[SourceQuality "1"]
[WhiteTeam "Hamburg Weisse Dame"]
[BlackTeam "St Pauli"]
[WhiteTeamCountry "GER"]
[BlackTeamCountry "GER"]

1. Nf3 Nf6 2. c4 e6 3. g3 b6 4. Bg2 Bb7 5. 0-0 Be7 6. b3 0-0 7. Bb2 d6 8. d3 Nbd7 9. e4 c5 10. Nc3 a6 11. Qe2 Ne5 12. Nxe5 dxe5 13. f4 Bd6 14. Nb5 axb5 15. fxe5 Ne8 16. exd6 Qxd6 17. cxb5 e5 18. a4 Nc7 19. d4 cxd4 20. Ba3 Qg6 21. Bxf8 Rxf8 22. Rac1 Qd6 23. Rc4 Ne6 24. b4 Ra8 25. Qa2 Ng5 26. a5 h5 27. a6 Bxe4 28. h4 1-0

[Event "Hamburg HSK Summer rapid op 1st"]
[Site "Hamburg"]
[Date "2014.07.06"]
[Round "5"]
[White "Krause, Jonah"]
[Black "Trisic, Aleksandar"]
[Result "1-0"]
[WhiteElo "2104"]
[BlackElo "2263"]
[PlyCount "107"]
[EventDate "2014.07.06"]
[EventType "swiss (rapid)"]
[EventRounds "9"]
[EventCountry "GER"]
[SourceTitle "EXT 2022"]
[Source "ChessBase"]
[SourceDate "2021.10.06"]
[SourceVersion "1"]
[SourceVersionDate "2021.10.06"]
[SourceQuality "1"]

1. d4 Nf6 2. c4 g6 3. Nc3 Bg7 4. e4 d6 5. Be2 0-0 6. Nf3 e5 7. 0-0 Nc6 8. d5 Ne7 9. b4 Nh5 10. Re1 f5 11. Ng5 Nf6 12. Bf3 c6 13. Bb2 h6 14. Ne6 Bxe6 15. dxe6 Qc7 16. Qb3 Rad8 17. Rad1 fxe4 18. Nxe4 Nxe4 19. Bxe4 Qc8 20. Qa3 Qxe6 21. Qxa7 Ra8 22. Qxb7 Rxa2 23. Rd2 d5 24. cxd5 cxd5 25. Bb1 Raa8 26. Qb5 Rfb8 27. Qc5 Rc8 28. Qe3 e4 29. Bxg7 Kxg7 30. Ba2 Qe5 31. f4 Qc3 32. Qxc3+ Rxc3 33. Bxd5 Rd8 34. Rxe4 Nxd5 35. Red4 Rc1+ 36. Kf2 Rf8 37. Rxd5 Rxf4+ 38. Kg3 Rxb4 39. Rd7+ Kf6 40. R2d6+ Kf5 41. Rf7+ Ke5 42. Rxg6 Rc3+ 43. Rf3 Rxf3+ 44. gxf3 Kf5 45. Rxh6 Kg5 46. Rh8 Kf5 47. h4 Rb1 48. Rf8+ Kg6 49. Ra8 Rg1+ 50. Kf4 Rh1 51. Ra6+ Kh5 52. Kf5 Rxh4 53. Ra8 Kh6 54. Rh8+ 1-0

[Event "Hamburg HSK Summer rapid op 1st"]
[Site "Hamburg"]
[Date "2014.07.06"]
[Round "4"]
[White "Trisic, Aleksandar"]
[Black "Lampert, Jonas"]
[Result "0-1"]
[WhiteElo "2263"]
[BlackElo "2421"]
[PlyCount "78"]
[EventDate "2014.07.06"]
[EventType "swiss (rapid)"]
[EventRounds "9"]
[EventCountry "GER"]
[SourceTitle "EXT 2022"]
[Source "ChessBase"]
[SourceDate "2021.10.06"]
[SourceVersion "1"]
[SourceVersionDate "2021.10.06"]
[SourceQuality "1"]

1. Nf3 d5 2. c4 d4 3. d3 Nc6 4. g3 e5 5. Bg2 Nf6 6. 0-0 Bd6 7. a3 a5 8. e4 dxe3 9. Bxe3 0-0 10. Nc3 Bg4 11. h3 Bh5 12. Qb3 Qd7 13. g4 Bg6 14. Rad1 a4 15. Qc2 Be7 16. Ne4 Nxe4 17. dxe4 Qe6 18. Rd5 h6 19. Rfd1 Bf6 20. Rb5 b6 21. Rbd5 Rfe8 22. c5 b5 23. Bf1 Nd4 24. Bxd4 Qxd5 25. Bc3 Qxe4 26. Qxe4 Bxe4 27. Ne1 c6 28. f3 Bg6 29. Rd6 Rac8 30. Be2 Be7 31. Rd7 Bxc5+ 32. Kg2 Bd4 33. Ba5 Bxb2 34. h4 h5 35. Nd3 Bd4 36. Nb4 hxg4 37. fxg4 Be4+ 38. Kg3 Ra8 39. Bc7 Ra7 0-1

[Event "Oberliga Nord N 0607"]
[Site "Germany"]
[Date "2007.04.22"]
[Round "9.1"]
[White "Trisic, Aleksandar"]
[Black "Laqua, Christian"]
[Result "0-1"]
[WhiteElo "2292"]
[BlackElo "2183"]
[PlyCount "68"]
[EventDate "2006.10.15"]
[EventType "team-tourn"]
[EventRounds "9"]
[EventCountry "GER"]
[SourceTitle "EXT 2019"]
[Source "ChessBase"]
[SourceDate "2018.10.10"]
[SourceVersion "1"]
[SourceVersionDate "2018.10.10"]
[SourceQuality "1"]
[WhiteTeam "Hamburger SK III"]
[BlackTeam "Hamburg Diogenes"]
[WhiteTeamCountry "GER"]
[BlackTeamCountry "GER"]

1. e4 Nf6 2. d3 c5 3. g3 Nc6 4. f4 d5 5. e5 Bg4 6. Qd2 Nd7 7. h3 Be6 8. c3 f6 9. Nf3 Qc7 10. Qe2 fxe5 11. fxe5 Ndxe5 12. Bf4 Nxf3+ 13. Qxf3 Qd7 14. Rh2 g6 15. Nd2 Bg7 16. Qf2 Rc8 17. Nf3 0-0 18. Qd2 Bf5 19. 0-0-0 e5 20. Bh6 Bxh6 21. Qxh6 Qg7 22. Qd2 Rcd8 23. Nh4 Be6 24. Be2 Rd7 25. Nf3 h6 26. Re1 e4 27. Nh4 g5 28. Ng2 d4 29. dxe4 dxc3 30. Qxc3 Qxc3+ 31. bxc3 Rf2 32. Nf4 Rxh2 33. Nxe6 Ne5 34. Nxc5 Rc7 0-1

[Event "Hamburg HSK IM"]
[Site "Hamburg"]
[Date "2005.01.05"]
[Round "6"]
[White "Chevelevitch, Evgueni"]
[Black "Trisic, Aleksandar"]
[Result "1-0"]
[WhiteElo "2370"]
[BlackElo "2295"]
[PlyCount "59"]
[EventDate "2005.01.02"]
[EventType "tourn"]
[EventRounds "11"]
[EventCountry "GER"]
[EventCategory "4"]
[SourceTitle "CBM 104 Extra"]
[Source "ChessBase"]
[SourceDate "2005.03.01"]
[SourceVersion "1"]
[SourceVersionDate "2005.03.01"]
[SourceQuality "1"]

1. e4 c5 2. Nf3 d6 3. d4 cxd4 4. Nxd4 Nf6 5. Nc3 a6 6. Be2 e6 7. 0-0 Be7 8. f4 0-0 9. Kh1 Qc7 10. a4 Nc6 11. Be3 Re8 12. Bd3 Na5 13. Qe2 b6 14. Bg1 Nd7 15. Rae1 Bh4 16. Rd1 Bb7 17. Rf3 Bf6 18. Rh3 g6 19. Rf1 Nc6 20. Nxc6 Qxc6 21. e5 dxe5 22. fxe5 Bxe5 23. Be4 Qc7 24. Qf3 Nc5 25. Bxc5 Bxe4 26. Nxe4 bxc5 27. Ng5 h5 28. Nxf7 Kg7 29. Qe3 Bf6 30. Qh6+ 1-0

[Event "Hamburg HSK IM"]
[Site "Hamburg"]
[Date "2005.01.04"]
[Round "5"]
[White "Huschenbeth, Niclas"]
[Black "Trisic, Aleksandar"]
[Result "0-1"]
[WhiteElo "2118"]
[BlackElo "2295"]
[PlyCount "186"]
[EventDate "2005.01.02"]
[EventType "tourn"]
[EventRounds "11"]
[EventCountry "GER"]
[EventCategory "4"]
[SourceTitle "CBM 104 Extra"]
[Source "ChessBase"]
[SourceDate "2005.03.01"]
[SourceVersion "1"]
[SourceVersionDate "2005.03.01"]
[SourceQuality "1"]

1. e4 c5 2. Nc3 e6 3. Nf3 a6 4. d4 cxd4 5. Nxd4 Nc6 6. Be3 Qc7 7. Be2 Nf6 8. 0-0 d6 9. f4 Be7 10. Kh1 0-0 11. Qe1 Nxd4 12. Bxd4 b5 13. Bd3 Bb7 14. Qg3 b4 15. Nd1 g6 16. Nf2 Nh5 17. Qe3 e5 18. Bb6 Qc6 19. fxe5 dxe5 20. Ng4 Qe6 21. Be2 Nf4 22. Bf3 Rac8 23. c3 bxc3 24. bxc3 Rc4 25. Nf2 Qc6 26. Nd1 Ba8 27. Rf2 Ne6 28. Rc2 Rb8 29. Nb2 Rxe4 30. Bxe4 Qxe4 31. Re2 Qg4 32. Ba7 Rd8 33. Rg1 Nf4 34. Rd2 Rxd2 35. Qxd2 Ne2 36. Qd1 Qh5 37. Re1 Bf3 38. Qd7 Bh4 39. Rb1 Ng3+ 40. Kg1 Ne2+ 41. Kf1 Bg4 42. Qd3 Bf5 43. Qxe2 Qxe2+ 44. Kxe2 Bxb1 45. a4 Be4 46. g3 Bd8 47. c4 Kf8 48. c5 Bc6 49. Bb6 Bg5 50. h4 Bh6 51. Nc4 Bxa4 52. Nxe5 f6 53. Ng4 Bg7 54. Ne3 Bc6 55. Kd3 Ke7 56. Nc2 f5 57. Nb4 Bb5+ 58. Ke3 Be5 59. Kf3 Kd7 60. g4 Bc3 61. Nd5 Bc6 62. Kf4 Bxd5 63. gxf5 gxf5 64. Kxf5 Kc6 65. Kg5 a5 66. Kh6 Be4 67. Bxa5 Bxa5 68. Kg5 Kxc5 69. Kh6 Bd2+ 70. Kh5 Kd6 71. Kg4 Ke6 72. h5 h6 73. Kh4 Bg5+ 74. Kg4 Bf5+ 75. Kg3 Ke5 76. Kf3 Bf4 77. Kg2 Bg4 78. Kf2 Bxh5 79. Kg2 Bg4 80. Kf2 h5 81. Kg2 h4 82. Kf2 Ke4 83. Kg2 h3+ 84. Kf2 h2 85. Kg2 Bf3+ 86. Kf2 Be3+ 87. Kg3 Bg1 88. Kh4 h1Q+ 89. Kg5 Qh5+ 90. Kf6 Bd4+ 91. Ke7 Kd5 92. Kd7 Qf7+ 93. Kc8 Kc6 0-1

[Event "Travemuende op 21th"]
[Site "Travemuende"]
[Date "2004.12.29"]
[Round "6"]
[White "Hentzgen, Thomas"]
[Black "Trisic, Aleksandar"]
[Result "0-1"]
[WhiteElo "2022"]
[BlackElo "2295"]
[PlyCount "74"]
[EventDate "2004.12.27"]
[EventType "swiss"]
[EventRounds "7"]
[EventCountry "GER"]
[SourceTitle "EXT 2006"]
[Source "ChessBase"]
[SourceDate "2005.11.24"]
[SourceVersion "1"]
[SourceVersionDate "2005.11.24"]
[SourceQuality "1"]

1. c4 Nf6 2. Nc3 g6 3. e4 d6 4. g3 Bg7 5. Bg2 0-0 6. Nge2 e5 7. 0-0 c5 8. d3 Nc6 9. f4 exf4 10. Bxf4 Nh5 11. Be3 Bg4 12. Qd2 Nd4 13. Rf2 Qa5 14. Nc1 Rae8 15. Rb1 Be6 16. Bh6 Nf6 17. Bxg7 Kxg7 18. Nb3 Qb6 19. Rxf6 Kxf6 20. Qh6 Ke7 21. Bh3 Nf3+ 22. Kg2 Ne5 23. Rf1 Qd8 24. Bxe6 fxe6 25. Qxh7+ Rf7 26. Rxf7+ Nxf7 27. Qxg6 Rg8 28. Qh5 Rh8 29. Qe2 Qf8 30. d4 Qh6 31. h4 Rg8 32. Kh2 b6 33. d5 Ne5 34. Nd1 Qg6 35. Qg2 Qg4 36. Nf2 Nf3+ 37. Kh1 Qxg3 0-1